| 000 | 00495nam a2200133 a 4500 | ||
|---|---|---|---|
| 001 | 000027176 | ||
| 005 | 20200930030642.0 | ||
| 008 | 110330s1997 sp acd 000 0 spa d | ||
| 040 |
_aDO-SdBNP _bspa _cBNPHU |
||
| 245 | 0 | 0 |
_aEnciclopedia de la enfermería / _cDirección Joaquín Navarro. |
| 260 |
_aBarcelona : _bGrupo Editorial Oceano, _c1997. |
||
| 300 |
_av. : _bil., gráf., retrs. ; _c25 cm. |
||
| 505 | 0 |
_av. 1 _tFundamentos-ténicas -- _gv. 2 _tMedicoquirúrgica -1 -- _gv. 3 _tMedicoquirúrgica -2 -- |
|
| 999 |
_c26668 _d26668 |
||